-
GOVERNMENT OF INDIA MINISTRY OF HEALTH & FAMALY WELFARE
Entry Personal Name
Number of records used in: 3
001 - CONTROL NUMBER
003 - CONTROL NUMBER IDENTIFIER
005 - DATE AND TIME OF LATEST TRANSACTION
- control field:
20210127105807.0
008 - FIXED-LENGTH DATA ELEMENTS
- fixed length control field:
210127|| aca||aabn | a|a d
040 ## - CATALOGING SOURCE
- Original cataloging agency:
OSt
- Transcribing agency:
OSt
100 ## - HEADING--PERSONAL NAME
- Personal name:
GOVERNMENT OF INDIA MINISTRY OF HEALTH & FAMALY WELFARE
670 ## - SOURCE DATA FOUND
- Source citation:
Work cat.: (OSt): GOVERNMENT OF INDIA MINISTRY OF HEALTH & FAMALY WELFARE, INDIA PHARMACOPOEIA 2018 [VOL-1]